| 000 | 01310naa a22003497a 4500 | ||
|---|---|---|---|
| 001 | BR7603157 | ||
| 003 | BR-BrBNA | ||
| 005 | 20240918173853.0 | ||
| 007 | ta | ||
| 008 | 230509b bl.||||| |||| 00| 0 por d | ||
| 040 |
_aBR-BrBNA _bpor _cBiblioteca Nacional de Agricultura |
||
| 041 | _a(Pt) | ||
| 072 |
_aF24; F23 _b/G514 |
||
| 090 | _aF24 BR7603157 | ||
| 100 | 1 | _aSampaio, J.B. de | |
| 100 | 1 | _aMelo, V. de | |
| 100 | 1 | _aOliveira, C.A. de | |
| 100 | 1 | _aFreire, L.C.M. | |
| 100 | 1 | _aCompasso, V.A. | |
| 111 | 1 |
_a15. Congresso Brasileiro de Ciencia do Solo _cCampinas, SP (Brazil) _d14 Jul 1975 |
|
| 245 | 1 | _aLevantamento de reconhecimento semidetalhado da area do planossol solodico no estado do Rio Grande do Norte [Levantamento fisiografico; Horizonte; Perfil do solo; Brasil] | |
| 260 | 3 |
_aCampinas, SP (Brasil): _c1976. |
|
| 500 | _aAnais do 15. Congresso Brasileiro de Ciencia do Solo Campinas, SP (Brasil): 1976. p. 331-336 (BR7603157-AM)F24 | ||
| 650 | _aLEVANTAMENTO FISIOGRAFICO | ||
| 650 | _aMAPA | ||
| 650 | _aHORIZONTE | ||
| 650 | _aPERFIL DO SOLO | ||
| 650 | _aRIO GRANDE DO NORTE | ||
| 773 | 0 |
_tAnais do 15. Congresso Brasileiro de Ciencia do Solo _wF24 BR7603157 _gCampinas, SP (Brasil), 1976. p. 331-336 |
|
| 909 |
_a202404 _bLucia _c55 _dLucia Elande |
||
| 942 |
_cAM _2AGRIS |
||
| 999 |
_c307386 _d307386 |
||